Las condiciones sociales de la investigación y los modelos de explicación

Saved in:
Main Author: Castorina, José Antonio
Format: Book Chapter
Language:Spanish
Online Access:Para solicitar el texto accesible haga click aquí (sólo para personas con discapacidad)
LEADER 01144naa a22002174a 4500
003 AR-BeUNQ
005 20251215083805.0
007 ta
008 251215s2007 ag 000 0 spa d
999 |c 39899  |d 123699 
040 |a AR-BeUNQ  |b spa  |c AR-BeUNQ  |e aacr 
100 1 |9 1282  |a Castorina, José Antonio 
245 1 1 |a Las condiciones sociales de la investigación y los modelos de explicación  |h [recurso electrónico] /  |c José Antonio Castorina. 
256 |a Datos electrónicos (1 archivo doc) 
300 |a recurso electrónico 
500 |a Material digital editado con un formato accesible para uso exclusivo de personas con discapacidad. 
538 |a Requerimientos del material: Procesador de textos y un lector de pantalla. 
594 |a Sabelli, María José  |b LICENCIATURA EN EDUCACIÓN  |c PSICOLOGÍA EDUCACIONAL  |d 2025 
773 |t Aprendizaje, sujetos y escenarios : investigaciones y prácticas en psicología educacional  |d Buenos Aires : Noveduc, 2007  |g Cap. 1, p. 17-38  |b 1a ed. 
856 |z Para solicitar el texto accesible haga click aquí (sólo para personas con discapacidad)  |u https://biblio.unq.edu.ar/consulte/index.php?a=add 
942 |c TA